000 00929nam a2200265 a 4500
999 _c2488
_d2488
008 200319s2014 ii ad||g m|||a00| 0 eng d
040 _aKO
_beng
041 0 _aeng
044 _aii
082 0 4 _223
_a378.242
_bIRM1318
100 1 _aPrathapchandran, S. S.
_eResearcher
245 1 0 _aContainer Handling in Haldia Dock Complex Kolkata Port Trust(KPT) /
_cS. S. Prathapchandran ; Guide Dr. Jayan P. A.
260 _aKochi :
_bIndian Maritime University,
_c2014
300 _a48 p. :
_bill., charts ;
_c29 cm.
490 0 _aMBA Internship 2013-15 ;
_v13500081013
502 _aInternship (MBA)–Indian Maritime University. School of Maritime Management, 2014.
610 2 0 _aKolkata Port Trust(KPT)
650 0 _aContainer terminals
650 0 _aPort au Port Peninsula (N.L.)
655 7 _2lcsh
_aDissertations, Academic
_y2014
700 1 _aP. A., Jayan
_cDr.
_eGuide
904 _aReshma_R
942 _cTH